Základy ekonomickej teórie
Gespeichert in:
| 1. Verfasser: | |
|---|---|
| Weitere Verfasser: | |
| Format: | Buch |
| Sprache: | Slowakisch |
| Veröffentlicht: |
Žilina
Žilinská univerzita v Žiline
2006
|
| Ausgabe: | 2. vyd. |
| Schriftenreihe: | Vysokoškolské učebnice
|
| Schlagworte: | |
| Tags: |
Keine Tags, Fügen Sie das erste Tag hinzu!
|
MARC
| LEADER | 00000nam$a2200000$$$4500 | ||
|---|---|---|---|
| 001 | 0105785 | ||
| 005 | 20240226123110.0 | ||
| 020 | |a 80-8070-594-1 | ||
| 041 | 0 | |a slo | |
| 044 | |a SK | ||
| 245 | 1 | 0 | |a Základy ekonomickej teórie |c Alžbeta Kucharčíková, Emese Tokarčíková |
| 250 | |a 2. vyd. | ||
| 264 | 1 | |a Žilina |b Žilinská univerzita v Žiline |c 2006 | |
| 300 | |a 274 s. | ||
| 490 | 1 | |a Vysokoškolské učebnice | |
| 830 | 0 | |a Vysokoškolské učebnice | |
| 610 | 2 | 0 | |a teórie ekonomické |
| 610 | 2 | 0 | |a veda ekonomická |
| 610 | 2 | 0 | |a vývoj |
| 610 | 2 | 0 | |a história |
| 610 | 2 | 0 | |a myslenie ekonomické |
| 610 | 2 | 0 | |a osobnosť |
| 610 | 2 | 0 | |a keynesizmus |
| 610 | 2 | 0 | |a politika hospodárska |
| 100 | 1 | |a Kucharčíková, Alžbeta | |
| 700 | 1 | |a Tokarčíková, Emese | |